Kashmir : (Record no. 136629)
[ view plain ]
| 000 -LEADER | |
|---|---|
| fixed length control field | 00578nam a2200181 4500 |
| 010 ## - LIBRARY OF CONGRESS CONTROL NUMBER | |
| LC control number | B-058547 |
| 020 ## - INTERNATIONAL STANDARD BOOK NUMBER | |
| International Standard Book Number | 817648265(Set) |
| 035 ## - SYSTEM CONTROL NUMBER | |
| System control number | B-058547 |
| 037 ## - SOURCE OF ACQUISITION | |
| Source of stock number/acquisition | Cen Lib / Ret |
| 040 ## - CATALOGING SOURCE | |
| Original cataloging agency | DPL |
| Language of cataloging | EN |
| 082 ## - DEWEY DECIMAL CLASSIFICATION NUMBER | |
| Classification number | 327.540547 |
| Item number | CHI |
| 100 ## - MAIN ENTRY--PERSONAL NAME | |
| Personal name | Chitkara, M. G. |
| 245 ## - TITLE STATEMENT | |
| Title | Kashmir : |
| Remainder of title | a tale of partition / |
| Statement of responsibility, etc | by M. G. Chitkara |
| 260 ## - PUBLICATION, DISTRIBUTION, ETC. (IMPRINT) | |
| Place of publication, distribution, etc | New Delhi |
| Name of publisher, distributor, etc | APH Publishing Corporation |
| Date of publication, distribution, etc | 2002 |
| 270 ## - ADDRESS | |
| Address | 5, Ansari Road, Darya Ganj |
| City | New Delhi |
| Postal code | 110002 |
| 300 ## - PHYSICAL DESCRIPTION | |
| Extent | 2 v. (v 1. xxiii, 459 ; v 2. xxxiii, 894p) |
| Other physical details | 24Cm(hb) |
| 942 ## - ADDED ENTRY ELEMENTS (KOHA) | |
| Source of classification or shelving scheme | Dewey Decimal Classification |
| Koha item type | English Books |
| Classification part | 327.540547 |
| Call number suffix | CHI |
| Withdrawn status | Lost status | Materials specified (bound volume or other part) | Damaged status | Not for loan | Home library | Current library | Date acquired | Source of acquisition | Total Checkouts | Full call number | Barcode | Date last seen | Copy number | Price effective from | Koha item type | Source of classification or shelving scheme |
|---|---|---|---|---|---|---|---|---|---|---|---|---|---|---|---|---|
| v 2 | Central Library | Central Library | 05/03/2016 | Cen Lib/Ret | 327.540547 CHI | B-058547 | 05/03/2016 | 1 | 05/03/2016 | English Books | ||||||
| v 1 | Central Library | Central Library | 08/03/2016 | Cen Lib/Ret | 327.540547 CHI | B-058546 | 08/03/2016 | 2 | 08/03/2016 | English Books | Dewey Decimal Classification |
